书目信息 |
| 题名: |
化肥施用常识
|
|
| 作者: | ;陕西省农林学校 编 | |
| 分册: | ||
| 出版信息: | 西安 陕西人民出版社 1976 |
|
| 页数: | 46页 | |
| 开本: | 19cm | |
| 丛书名: | ||
| 单 册: | ||
| 中图分类: | S143 | |
| 科图分类: | ||
| 主题词: | 化学肥料--使用 | |
| 电子资源: | ||
| ISBN: | ||
| 000 | 00656nam0 2200241 45 | |
| 001 | 0176002121 | |
| 005 | 20060801150820.19 | |
| 010 | @dCNY0.11 | |
| 091 | @a16.4.242 | |
| 100 | @a19951013d1976 em y0chiy0121 ea | |
| 101 | 0 | @achi |
| 102 | @aCN@b610000 | |
| 105 | @ay z 000yy | |
| 200 | 10 | @a化肥施用常识@Ahua fei shi yong chang shi@f陕西省农林学校编 |
| 210 | @a西安@c陕西人民出版社@d1976 | |
| 215 | @a46页@d19cm | |
| 300 | @a供农村政治夜校教学参考 | |
| 606 | @a化学肥料@x使用 | |
| 690 | @aS143@v3 | |
| 711 | 02 | @a陕西省农林学校@Ashan xi sheng nong lin xue xiao@4编 |
| 801 | 2 | @aCN@bNLC@c20060801 |
| 801 | 0 | @aCN@bTSSF |
| 905 | @a10447@dS143@e36 | |
| 化肥施用常识/陕西省农林学校编.-西安:陕西人民出版社,1976 |
| 46页;19cm |
| 供农村政治夜校教学参考 |
| ISBN :CNY0.11 |
| ● |
| 相关链接 |
|
|
|
|
正题名:化肥施用常识
索取号:S143/36
 
预约/预借
| 序号 | 登录号 | 条形码 | 馆藏地/架位号 | 状态 | 备注 |
| 1 | 0439312 | 204393129 | 密集书库/ [索取号:S143/36] | 在馆 |